00337nam a2200121Ia 4500008004100000020001800041041000800059082001300067100003600080245003400116260005600150300000900206220803s9999 xx 000 0 und d a9789391558611 aeng a891.8NAN a"Nandakum,ar J & Pathak M Tr." aSwarajya @ 75 .-9789391558611 b"Bhartiy Vichar Sadhana Prakashan Pune, Pune"c2022 a168p